| 000 | 00997nam a2200205Ia 4500 | ||
|---|---|---|---|
| 003 | OSt | ||
| 005 | 20200902215541.0 | ||
| 008 | 191128s2009 ck fr 000 0 spa d | ||
| 020 | _a9789589266885 | ||
| 040 |
_aCO-JMCR _cCO-JMCR |
||
| 041 | 0 | _aspa | |
| 082 | 0 | 4 |
_a352.53 / _bM665m _223 |
| 110 | 1 |
_aColombia. _bMinisterio de Hacienda y Crédito Público _97620 |
|
| 245 | 1 | 0 |
_aManual de procesos : _bprocedimientos para la ejecución de proyectos de asociación público-privada / _cMinisterio de Hacienda y Crédito Público |
| 260 |
_aBogotá : _bMinisterio de Hacienda y Crédito Público : Departamento Nacional de Planeación, _c[2009] |
||
| 300 |
_a80 páginas ; _c24 cm. |
||
| 505 | 0 | _aDefiniciones -- Principios, actores y aspectos relevantes alrededpr de los APP -- Procedimiento -- Iniciativa pública con recursos -- Iniciativa privada sin recursos públicos -- Iniciativa privada con recursos públicos | |
| 650 | 1 | 4 |
_aContratos públicos _xproyectos _zColombia _99677 |
| 942 |
_2ddc _cBK |
||
| 999 |
_c4439 _d4439 |
||